Normale Ansicht MARC-Ansicht ISBD

Na puti k "velikomu perelomu" : (Titelsatznr. 15565)

[ MARC ]
MARC-Details
000 -Satzkennung
Kontrollfeld mit fester Länge 00542nam a22002051c 4500
001 - Kontrollnummer
Kontrollfeld a987660502
008 - Feld mit fester Länge zur physischen Beschreibung - Allgemeine Angaben
Kontrollfeld mit fester Länge 080326s2001 gw |||| 000u rus d
041 ## - Sprachcode
Sprachcode des Textes/der Tonspur oder des separaten Titels rus
040 ## - Katalogisierungsquelle
Übertragungsstelle RU-10907106
003 - Kontrollnummer Identifier
Kontrollfeld RU-10907106
100 1# - Haupteintragung - Personenname
Personenname Kuznecov, I. S.
245 00 - Titel
Titel Na puti k "velikomu perelomu" :
Zusatz zum Titel Ljudi i nravy sibirskoj derevni 1920-ch gg. : Psichologičeskie očerki
264 ## - Produktion, Veröffentlichung, Distribution, Herstellung und Urheberrechtsvermerk
Herstellungs-, Veröffentlichungs- Vertriebs-, Erzeugungsort Novosibirsk :
Produzent, Herausgeber, Distributor, Hersteller GU,
Datum der Herstellung, der Veröffentlichung, des Vertriebs oder des Urheberschutzvermerks 2001
300 ## - Physische Beschreibung
Umfang 235 S.
490 #0 - Gesamttitelangabe
Gesamttitelangabe Monografii
650 #0 - Nebeneintragung unter einem Schlagwort - Sachschlagwort
Sachschlagwort oder geografischer Name als Eintragungselement Landwirtschaft
650 #0 - Nebeneintragung unter einem Schlagwort - Sachschlagwort
Sachschlagwort oder geografischer Name als Eintragungselement NEP
651 #0 - Nebeneintragung unter einem Schlagwort - Geografischer Name
Geografischer Name Sibirien
942 ## - Zusätzliche Felder (Koha)
Koha-Medientyp Monographien
Exemplare
Ausgeschieden Verloren Klassifikation oder Aufstellungssystematik Beschädigt Nicht entleihbar Heimatbibliothek Aufenthaltsbibliothek Aufstellungsort Erwerbungsdatum Inventarnummer Signatur Barcode Letzte Aktivität Preis gültig von Koha-Medientyp
    Andere/Generische Klassifikation     MWN Osteuropa MWN Osteuropa Magazin - 2 26/03/2008 08-01916 R 62 p Kuz E0040150790962CA 23/02/2021 22/03/2021 Monographien